000 00645nam a2200277Ia 4500
005 20260324144554.0
008 008 260324s9999 xx 000 0 eng d
020 _a9780203844670
037 _aEBOOK
040 _aCRL
040 _beng
040 _cCRL
041 _2eng
041 _aeng
084 _qCRL
100 _aBob Hart
_91219820
245 0 _aWorking Time and Employment (Routledge Revivals)
260 _bTaylor and Francis
260 _c1987
365 _a
365 _b265
856 _uhttp://www.taylorfrancis.com/books/9780203844670
942 _cEBOOK
999 _c1826589
_d1826589